000 00572nam a2200205 i 4500
001 49947
003 ES-MaACL
005 20240505063020.0
007 t|
008 030725s1956 sp ||||1| spa d
100 1 _aCrespo, Ángel,
_d1926-1995
_941513
245 1 0 _aTodo está vivo /
_cAngel Crespo.
260 _aMadrid :
_bAgora,
_c[1956] (
_fOrbe)
300 _a62 p. ;
_c16 cm.
490 1 _aColección Ágora ;
_v9
830 0 _aColección Ágora ;
_v9
_9180771
852 _aES-MaACL
_j1992-F-8
_bR.38685
942 _2udc
999 _c49947
_d49947